Một số biện pháp kinh tế chủ yếu sản xuất và chế biến cá tra xuất khẩu ở tỉnh Đồng Tháp từ nay đến năm 2020 Luận văn thạc sĩ kinh tế. Chuyên ngành:Kinh tế nông nghiệp

Guardado en:
Detalles Bibliográficos
Autor principal: Huỳnh, Minh Tuấn
Otros Autores: Vũ, Đình Thắng
Formato: Tesis Conjunto Libro
Lenguaje:Vietnamese
Publicado: Hà Nội Đại học kinh tế quốc dân 2008
Materias:
Etiquetas: Agregar Etiqueta
Sin Etiquetas, Sea el primero en etiquetar este registro!
Thư viện lưu trữ: Trung tâm Học liệu Lê Vũ Hùng, Trường Đại học Đồng Tháp
LEADER 01265ppm a22002898a 4500
001 00030046
005 20171026081022.0
008 121211s2008 ||||||viesd
041 0 # |a vie 
082 1 4 |b M458S  |a 338.3 
100 1 # |a Huỳnh, Minh Tuấn 
245 0 0 |a Một số biện pháp kinh tế chủ yếu sản xuất và chế biến cá tra xuất khẩu ở tỉnh Đồng Tháp từ nay đến năm 2020  |c Huỳnh Minh Tuấn; Vũ Đình Thắng (hướng dẫn)  |b Luận văn thạc sĩ kinh tế. Chuyên ngành:Kinh tế nông nghiệp 
260 # # |a Hà Nội  |b Đại học kinh tế quốc dân  |c 2008 
300 # # |a 110 tr.  |c 30 cm. 
500 # # |a ĐTTS ghi: Bộ Giáo dục và Đào tạo. Trường Đại học kinh tế quốc dân 
653 # # |a Biện pháp kinh tế 
653 # # |a Tỉnh Đồng Tháp 
653 # # |a Luận văn 
653 # # |a Cá tra xuất khẩu 
700 1 # |a Vũ, Đình Thắng  |e Hướng dẫn 
852 # # |j LV.0000205 
852 # # |b Kho đọc SĐH  |j LV.0000205 
910 |d 11/12/2012 
980 # # |a Trung tâm Học liệu Lê Vũ Hùng, Trường Đại học Đồng Tháp